[Event "Prague op"]
[Site "Prague"]
[Date "2024.03.01"]
[Round "3"]
[White "Mathisen, Pal Strande"]
[Black "Botez, Alexandra"]
[Result "0-1"]
[WhiteElo "1639"]
[BlackElo "1977"]
[PlyCount "117"]
[EventDate "2024.02.28"]
[EventType "swiss"]
[EventRounds "9"]
[EventCountry "CZE"]
[SourceTitle "CB11_2024"]
[SourceDate "2024.03.13"]
[SourceVersion "1"]
[SourceVersionDate "2024.03.13"]
[SourceQuality "1"]

1. e4 e6 2. d4 d5 3. e5 c5 4. c3 Nc6 5. Nf3 Bd7 6. Bd3 cxd4 7. cxd4 Qb6 8. 0-0 Nxd4 9. Ng5 Nc6 10. Re1 Nh6 11. Nc3 Be7 12. Bf4 Bxg5 13. Bxg5 Nb4 14. Bb1 Ng8 15. Qg4 h5 16. Qh4 Nc6 17. Bd3 a6 18. Na4 Qb4 19. Rac1 Qxh4 20. Bxh4 Nb4 21. Nc5 Nxd3 22. Nxd3 Bc6 23. f4 Nh6 24. Nb4 Nf5 25. Bf2 Kd7 26. Red1 Rhc8 27. Bb6 Bb5 28. b3 Rxc1 29. Rxc1 Bc6 30. Nc2 g5 31. fxg5 Rg8 32. Ne3 Rxg5 33. Nxf5 Rxf5 34. Re1 f6 35. Bd4 fxe5 36. Bxe5 Bb5 37. g3 Bd3 38. Re3 Be4 39. Bb2 e5 40. h3 Ke6 41. a3 Kd6 42. b4 Bc2 43. Kg2 d4 44. g4 Rf4 45. Re2 Be4+ 46. Kg3 d3 47. Rd2 hxg4 48. hxg4 Rf3+ 49. Kh4 Rf8 50. Kg5 Rc8 51. Kf6 Rf8+ 52. Kg7 Rf4 53. g5 Ke6 54. Rh2 Rf7+ 55. Kg8 Rc7 56. Rf2 Bf5 57. g6 Bxg6 58. Rg2 Bf7+ 59. Kf8 0-1